000 00534nam a2200205Ia 4500
005 20240419144730.0
008 131103s9999 xx 000 0 und d
040 _aLoreto College
041 _aEnglish
082 _a370.15
_bDRE
100 _aDreikurs,Rudolf
245 _aPsychology in the classroom
_b a manual for teachers
_cRudolf Dreikurs
250 _a2nd ed.
260 _aNew York
_bHarper & Row
_c1968
300 _axvi,284 p.
504 _aIncludes index
650 _aPsychology
850 _aLCBED
942 _cBK
999 _c26852
_d77331